[Event "BIH-chT 18th"]
[Site "Tuzla"]
[Date "2019.06.11"]
[Round "4.1"]
[White "Maksimovic, Bojan"]
[Black "Jevtic, Sreten"]
[Result "1-0"]
[WhiteElo "2295"]
[BlackElo "2243"]
[PlyCount "127"]
[EventDate "2019.06.08"]
[EventType "team-tourn"]
[EventRounds "9"]
[EventCountry "BIH"]
[SourceTitle "CBM 190 Extra"]
[Source "ChessBase"]
[SourceDate "2019.07.15"]
[SourceVersion "1"]
[SourceVersionDate "2019.07.15"]
[SourceQuality "1"]
[WhiteTeam "Sarajevo Bosna"]
[BlackTeam "Busovaca Hrasno"]
[WhiteTeamCountry "BIH"]
[BlackTeamCountry "BIH"]

1. e4 c6 2. d4 d5 3. Nc3 a6 4. Nf3 Bg4 5. h3 Bh5 6. exd5 cxd5 7. g4 Bg6 8. h4 Nc6 9. h5 Be4 10. Nxe4 dxe4 11. Ne5 Nxe5 12. dxe5 Qa5+ 13. c3 Qxe5 14. Bf4 Qe6 15. Qa4+ Qc6 16. Qxc6+ bxc6 17. Bg2 0-0-0 18. Bxe4 Kb7 19. g5 e6 20. h6 f6 21. hxg7 Bxg7 22. Rxh7 Rxh7 23. Bxh7 fxg5 24. Bxg5 Rd5 25. Be3 Nf6 26. Bc2 Ng4 27. Bf4 Be5 28. Bxe5 Rxe5+ 29. Kf1 Rh5 30. Be4 Re5 31. Re1 Kb6 32. f3 Nf6 33. Bc2 Rxe1+ 34. Kxe1 c5 35. Ke2 e5 36. Ke3 Kc6 37. Bd3 a5 38. Be4+ Kb5 39. Bd3+ c4 40. Bf5 a4 41. Be6 Kc5 42. a3 Kb5 43. f4 exf4+ 44. Kxf4 Kc5 45. Ke3 Ne8 46. Bd7 Nd6 47. Bxa4 Nb7 48. Bc2 Na5 49. Ke4 Nc6 50. Kf5 Kd6 51. Ke4 Kc5 52. a4 Na5 53. Ke5 Nc6+ 54. Ke6 Na5 55. Kd7 Nc6 56. Kc7 Na5 57. Bd1 Nc6 58. Kb7 Na5+ 59. Ka6 Nc6 60. a5 Nd8 61. Ba4 Nc6 62. Bxc6 Kxc6 63. Ka7 Kc7 64. a6 1-0

[Event "BIH-chT 17th"]
[Site "Jahorina"]
[Date "2018.06.09"]
[Round "8.2"]
[White "Jevtic, Sreten"]
[Black "Kadric, Denis"]
[Result "0-1"]
[WhiteElo "2236"]
[BlackElo "2509"]
[PlyCount "39"]
[EventDate "2018.06.02"]
[EventType "team-tourn"]
[EventRounds "9"]
[EventCountry "BIH"]
[SourceTitle "CBM 184 Extra"]
[Source "ChessBase"]
[SourceDate "2018.06.28"]
[SourceVersion "1"]
[SourceVersionDate "2018.06.28"]
[SourceQuality "1"]
[WhiteTeam "Gacko Mladost"]
[BlackTeam "Sarajevo Napredak"]
[WhiteTeamCountry "BIH"]
[BlackTeamCountry "BIH"]

1. Nf3 d6 2. g3 e5 3. d3 f5 4. c4 Be7 5. Bg2 Nf6 6. Nc3 0-0 7. 0-0 Na6 8. Rb1 c6 9. b4 Nc7 10. b5 c5 11. Bg5 Ne6 12. Bxf6 Rxf6 13. Nd2 g5 14. e3 f4 15. Nd5 Rf7 16. b6 Bf8 17. bxa7 Rxa7 18. Nb6 Nc7 19. Nxc8 Qxc8 20. Qb3 0-1

[Event "BIH-chT 17th"]
[Site "Jahorina"]
[Date "2018.06.07"]
[Round "6.3"]
[White "Jevtic, Sreten"]
[Black "Radlovacki, Jovan"]
[Result "1/2-1/2"]
[WhiteElo "2236"]
[BlackElo "2305"]
[PlyCount "78"]
[EventDate "2018.06.02"]
[EventType "team-tourn"]
[EventRounds "9"]
[EventCountry "BIH"]
[SourceTitle "CBM 184 Extra"]
[Source "ChessBase"]
[SourceDate "2018.06.28"]
[SourceVersion "1"]
[SourceVersionDate "2018.06.28"]
[SourceQuality "1"]
[WhiteTeam "Gacko Mladost"]
[BlackTeam "Bratunac"]
[WhiteTeamCountry "BIH"]
[BlackTeamCountry "BIH"]

1. c4 e5 2. Nc3 Bb4 3. Nd5 Bc5 4. d3 c6 5. Nc3 d6 6. Nf3 Nf6 7. g3 h6 8. Bg2 0-0 9. 0-0 Be6 10. Qc2 Nbd7 11. Rb1 a5 12. a3 d5 13. b4 Ba7 14. cxd5 cxd5 15. e3 axb4 16. Rxb4 Qc8 17. Qd2 Qc6 18. Nb5 Bb6 19. Rb1 Ba5 20. Qb2 e4 21. Nfd4 Qa6 22. Nxe6 Qxe6 23. Nd4 Qe5 24. dxe4 dxe4 25. Qa2 Nc5 26. Rb5 b6 27. Bb2 Rfc8 28. Bh3 Qh5 29. Bg2 Qg4 30. h3 Qd7 31. Ba1 Na4 32. Qb1 Bc3 33. Rb3 Bxa1 34. Qxa1 Rc5 35. Kh2 Rac8 36. Qb1 Nc3 37. Qb2 b5 38. Qd2 h5 39. Rc1 Qc7 1/2-1/2

[Event "BIH-chT 17th"]
[Site "Jahorina"]
[Date "2018.06.05"]
[Round "4.2"]
[White "Jevtic, Sreten"]
[Black "Djukic, Nikola"]
[Result "0-1"]
[WhiteElo "2236"]
[BlackElo "2561"]
[PlyCount "114"]
[EventDate "2018.06.02"]
[EventType "team-tourn"]
[EventRounds "9"]
[EventCountry "BIH"]
[SourceTitle "CBM 184 Extra"]
[Source "ChessBase"]
[SourceDate "2018.06.28"]
[SourceVersion "1"]
[SourceVersionDate "2018.06.28"]
[SourceQuality "1"]
[WhiteTeam "Gacko Mladost"]
[BlackTeam "Tuzla Sloboda"]
[WhiteTeamCountry "BIH"]
[BlackTeamCountry "BIH"]

1. c4 g6 2. Nf3 Bg7 3. g3 Nf6 4. Bg2 d5 5. 0-0 0-0 6. d4 dxc4 7. Na3 c3 8. bxc3 c5 9. Nc4 Nd5 10. Bb2 Nb6 11. Nxb6 Qxb6 12. Ba3 Na6 13. e3 Qa5 14. Bb2 Be6 15. Nd2 cxd4 16. cxd4 Qb4 17. Nb3 Rac8 18. Be4 f5 19. Bd3 b5 20. Qe2 Bc4 21. Rfc1 Rc7 22. Bxc4+ Rxc4 23. Rxc4 bxc4 24. Rc1 Rc8 25. Qc2 Qb5 26. Ba3 e5 27. Qc3 exd4 28. exd4 Qd5 29. Bb2 Nb8 30. Na5 Bh6 31. f4 Nd7 32. Nxc4 Bg7 33. Ne3 Rxc3 34. Nxd5 Bxd4+ 35. Kh1 Rxc1+ 36. Bxc1 Kf7 37. Kg2 Ke6 38. Nb4 Bc3 39. Nc2 Kd5 40. Kf3 Nf6 41. h3 Kc4 42. g4 Nd5 43. Na3+ Kc5 44. gxf5 gxf5 45. Ke2 Nb4 46. Be3+ Bd4 47. Bxd4+ Kxd4 48. Nb5+ Ke4 49. Nxa7 Nxa2 50. Nc6 Nc3+ 51. Kf2 Nd5 52. Kg3 Nxf4 53. Ne7 Nd3 54. Ng8 Ke3 55. Nf6 f4+ 56. Kg2 Ke2 57. Ne4 Ne1+ 0-1

[Event "Paracin Summer op-A 10th"]
[Site "Paracin"]
[Date "2017.07.13"]
[Round "8.32"]
[White "Jevtic, Sreten"]
[Black "Burovic, Rijad"]
[Result "1/2-1/2"]
[WhiteElo "2196"]
[BlackElo "2316"]
[PlyCount "140"]
[EventDate "2017.07.07"]
[EventType "swiss"]
[EventRounds "9"]
[EventCountry "SRB"]
[SourceTitle "EXT 2018"]
[Source "ChessBase"]
[SourceDate "2017.10.13"]
[SourceVersion "1"]
[SourceVersionDate "2017.10.13"]
[SourceQuality "1"]

1. c4 d6 2. g3 g6 3. Bg2 Bg7 4. Nf3 Bd7 5. Nc3 Nc6 6. Rb1 a5 7. a3 Qc8 8. b4 axb4 9. axb4 Nf6 10. d3 Bh3 11. 0-0 h5 12. Bg5 Nh7 13. Bd2 h4 14. Nxh4 Bf6 15. Nf3 Nf8 16. Nd5 Bxg2 17. Kxg2 Qh3+ 18. Kh1 Ne5 19. Nf4 Qh7 20. h4 Nxf3 21. exf3 e6 22. Kg2 g5 23. Nh3 gxh4 24. g4 Qxd3 25. Qc1 Ng6 26. Be3 Ne5 27. c5 d5 28. Nf4 h3+ 29. Kh1 Qc4 30. Nh5 Be7 31. Qb2 f6 32. Rfc1 Nd3 33. Rxc4 Nxb2 34. Rxb2 dxc4 35. Rc2 Kf7 36. Kh2 Rhd8 37. Kxh3 Rd1 38. Kg2 Raa1 39. f4 f5 40. g5 Rg1+ 41. Kf3 Kg6 42. Ng3 e5 43. fxe5 Bxg5 44. Rxc4 Ra3 45. Ne2 Rg4 46. Rxg4 fxg4+ 47. Kxg4 Bxe3 48. fxe3 Rxe3 49. Nf4+ Kf7 50. Kf5 Rf3 51. e6+ Ke7 52. Ke5 Re3+ 53. Kf5 Rf3 54. Ke5 Re3+ 55. Kf5 c6 56. Ng6+ Ke8 57. Kf6 Re1 58. Nh4 Rf1+ 59. Ke5 Kd8 60. Nf5 Rd1 61. Kf6 Rf1 62. Ke5 Re1+ 63. Kf6 Rf1 64. Ke5 Rf2 65. Nd6 Ke7 66. Nc8+ Kd8 67. Nd6 Re2+ 68. Kf6 Rf2+ 69. Ke5 Re2+ 70. Kf6 Rf2+ 1/2-1/2

[Event "Paracin Summer op-A 10th"]
[Site "Paracin"]
[Date "2017.07.08"]
[Round "2.27"]
[White "Jevtic, Sreten"]
[Black "Savic, Miodrag R"]
[Result "1/2-1/2"]
[WhiteElo "2196"]
[BlackElo "2492"]
[PlyCount "118"]
[EventDate "2017.07.07"]
[EventType "swiss"]
[EventRounds "9"]
[EventCountry "SRB"]
[SourceTitle "EXT 2018"]
[Source "ChessBase"]
[SourceDate "2017.10.13"]
[SourceVersion "1"]
[SourceVersionDate "2017.10.13"]
[SourceQuality "1"]

1. Nf3 d5 2. c4 e6 3. cxd5 exd5 4. d4 c6 5. Bf4 Qb6 6. Qc1 Nf6 7. e3 Bf5 8. Nbd2 Nbd7 9. Be2 Be7 10. 0-0 h6 11. a3 0-0 12. Qc3 Rfc8 13. Bd3 Ne4 14. Bxe4 dxe4 15. Ne5 Nf6 16. Qb3 Qxb3 17. Nxb3 Nh5 18. Bg3 Nxg3 19. hxg3 Be6 20. Nc5 Bxc5 21. dxc5 Rd8 22. Rfc1 Rd2 23. Nc4 Bxc4 24. Rxc4 Re8 25. Rb4 Re7 26. Rc1 f5 27. Kf1 Kf7 28. Ke1 Rd5 29. Ra4 a6 30. Rac4 Red7 31. g4 fxg4 32. Rxe4 g3 33. fxg3 Rd2 34. Rf4+ Ke6 35. Rcc4 Rd1+ 36. Ke2 R7d2+ 37. Kf3 Rf1+ 38. Ke4 Rb1 39. b4 Rd5 40. Kf3 Rf1+ 41. Ke2 Rg1 42. Rce4+ Re5 43. Kf2 Ra1 44. Rxe5+ Kxe5 45. Rf7 g5 46. Rxb7 Rxa3 47. Rb6 Ra2+ 48. Kf3 h5 49. g4 hxg4+ 50. Kxg4 Rxg2+ 51. Kf3 Rb2 52. Rxa6 g4+ 53. Kg3 Rxb4 54. Rxc6 Rb3 55. Kxg4 Rxe3 56. Rc8 Rc3 57. c6 Kd6 58. Kf4 Rxc6 59. Rxc6+ Kxc6 1/2-1/2

[Event "Lukavac op 1st"]
[Site "Lukavac"]
[Date "2012.11.26"]
[Round "6"]
[White "Rosic, Slavko S"]
[Black "Jevtic, Sreten"]
[Result "1-0"]
[WhiteElo "2242"]
[BlackElo "2146"]
[PlyCount "53"]
[EventDate "2012.11.23"]
[EventType "swiss"]
[EventRounds "7"]
[EventCountry "BIH"]
[SourceTitle "CBM 151 Extra"]
[Source "ChessBase"]
[SourceDate "2012.12.18"]
[SourceVersion "1"]
[SourceVersionDate "2012.12.18"]
[SourceQuality "1"]

1. e4 c6 2. d4 d5 3. e5 Bf5 4. Nc3 e6 5. g4 Bg6 6. Nge2 Be7 7. Be3 Nd7 8. Nf4 Bg5 9. Nxg6 hxg6 10. Qd2 Bxe3 11. Qxe3 a6 12. 0-0-0 Rc8 13. f4 Nh6 14. Qh3 0-0 15. Bd3 c5 16. g5 cxd4 17. Nxd5 Nxe5 18. Nf6+ gxf6 19. fxe5 Nf5 20. Bxf5 exf5 21. exf6 d3 22. Rxd3 Qc7 23. Rd2 Qf4 24. Qh6 Rxc2+ 25. Kb1 Rxb2+ 26. Rxb2 Qe4+ 27. Ka1 1-0